000 00305 a2200145 4500
001 172547
020 _a
040 _cMagnum
100 _aMálus
240 1 0 _aColorir e rir... rir... rir...
_lpor
245 1 0 _aColorir e rir... rir... rir...
362 0 _a1899
697 _aI/ANIMAIS
942 _cBK
999 _c172547
_d172547